1334 1540 1965 1560 1460 1405 1644 1864 1860 1453 1325 1854 1982 1057 1669 1655 1988 1480 1259 1455 1698 1803 1264 1921 1023 1999 1813 1322 1156 1477 1180 1828 1325 1120 1349 1303 1435 1388 1772 1823 1683 1143 1674 1289 1844 1655 1898 1192 1792 1808 1887 1187 1217 1021 1885 1783 1665 1062 1391 1169 1118 1259 1308 1239 1763 1240 1158 1972 1003 1364 1837 1455 1073 1840 1871 1699 1833 1005 1408 1240 1292 1821 1910 1827 1785 1802 1338 1121 1776 1876 1971 1635 1532 1945 1886 1111 1667 1629 1724 BCNSPRNW ULIB Ver.6.0+V

เปลี่ยนเป็นภาษาไทย

Change to English
 แสดงรายละเอียดบรรณานุกรม
  กลับหน้าหลัก

Brief Record : Get Marc (ISO 2709) : E-mail record : QR code < ปิดหน้าต่าง
สารบัญ Review โดย
เกษร โพธิ์สุวรรณ
ห้องสมุดวิทยาเขตสวรรค์ประชารักษ์
เกษร โพธิ์สุวรรณ เมื่อ3/ตุลาคม/2557
บทที่ 1 อาการปวดท้องเฉียบพลัน
บทที่ 2 ภาวะชักในเด็ก
บทที่ 3 ตัวเล็ก น้ำหนักน้อย
บทที่ 4 ภาวะอ้วนในเด็ก
บทที่ 5 หอบเหนื่อย
บทที่ 6 อาการเป็นลมในเด็ก
บทที่ 7 อาการเขียว
บทที่ 8 แนวทางการซักประวัติและตรวจร่างกายโรคผิวหนังในเด็ก
บทที่ 9 ภาวะบวม
บทที่ 10 การนอนกรน
บทที่ 11 เด็กตัวเตี้ย
บทที่ 12 ภาวะตัวเหลืองในทารกแรกเกิด
บทที่ 13 หายใจเสียงดัง
บทที่ 14 การได้รับสารพิษในเด็ก
บทที่ 15 การตรวจในคลินิกเด็กสุขภาพดี

LEADER : 00000nam 2200000uu 4500
001    13399123522
003     ULIB
008    141003s2557||||th 000 0 tha d
020    ^a9786167322940
060  0 ^aWS141^bจ493อ ล.2
245 00 ^aอาการวิทยาทางกุมารเวชศาสตร์ เล่ม 2/^cบรรณาธิการโดย จิรนันท์ วีรกุล
260    ^aพิษณุโลก:^bภาควิชากุมารเวชศาสตร์ คณะแพทยศาสตร์ มหาวิทยาลัยนเรศวร,^c2557.
300    ^a226 หน้า
650  0 ^aอาการวิทยา
650  0 ^aกุมารเวชศาสตร์^xรวมเรื่อง
700 0  ^aจิรนันท์ วีรกุล,^eบรรณาธิการ
945    ^p290^l0^i036064
945    ^p290^l0^i036065
945    ^p290^l0^i036066
945    ^p290^l0^i036067
945    ^p290^l0^i036068
999    ^aเกษร โพธิ์สุวรรณ
รายการนี้ยังไม่มีแท็ก
คุณยังไม่ได้ล็อกอิน คุณสามารถมีกิจกรรมร่วมกับเว็บไซต์ได้ แต่ต้องล็อกอินก่อน ::
  ล็อกอิน

รายการสื่อสารสนเทศ

ลำดับที่ ประเภท เลขเรียก/บาร์โค้ด สถานที่ สถานะ
1. วิทยาศาสตร์การแพทย์ และสุขภาพ
วิทยาศาสตร์การแพทย์ และสุขภาพ
สถานะ=หนังสือเก่า
WS141 จ493อ ล.2 ฉ.1 
  Barcode: 036064
ห้องสมุดวิทยาเขตสวรรค์ประชารักษ์
►ส่วนจัดเก็บหนังสือเก่า สปร
บนชั้น
  ขอยืม
2. วิทยาศาสตร์การแพทย์ และสุขภาพ
วิทยาศาสตร์การแพทย์ และสุขภาพ
สถานะ=หนังสือเก่า
WS141 จ493อ ล.2 ฉ.2 
  Barcode: 036065
ห้องสมุดวิทยาเขตสวรรค์ประชารักษ์
►ส่วนจัดเก็บหนังสือเก่า สปร
บนชั้น
  ขอยืม
3. วิทยาศาสตร์การแพทย์ และสุขภาพ
วิทยาศาสตร์การแพทย์ และสุขภาพ
สถานะ=หนังสือเก่า
WS141 จ493อ ล.2 ฉ.3 
  Barcode: 036066
ห้องสมุดวิทยาเขตสวรรค์ประชารักษ์
►ส่วนจัดเก็บหนังสือเก่า สปร
บนชั้น
  ขอยืม
4. วิทยาศาสตร์การแพทย์ และสุขภาพ
วิทยาศาสตร์การแพทย์ และสุขภาพ
สถานะ=หนังสือเก่า
WS141 จ493อ ล.2 ฉ.4 
  Barcode: 036067
ห้องสมุดวิทยาเขตสวรรค์ประชารักษ์
►ส่วนจัดเก็บหนังสือเก่า สปร
บนชั้น
  ขอยืม
5. วิทยาศาสตร์การแพทย์ และสุขภาพ
วิทยาศาสตร์การแพทย์ และสุขภาพ
สถานะ=หนังสือเก่า
WS141 จ493อ ล.2 ฉ.5 
  Barcode: 036068
ห้องสมุดวิทยาเขตสวรรค์ประชารักษ์
►ส่วนจัดเก็บหนังสือเก่า สปร
บนชั้น
  ขอยืม

รายการใกล้เคียง
    หัวเรื่อง [อาการวิทยา]

BibComment


ยังไม่เคยถูกคอมเมนท์

คอมเมนท์ทรัพยากรรายการนี้
  คอมเมนท์: อาการวิทยาทางกุม..


 Copyright 2026. Bcnsprnw @Library